000 00638nam a22001697a 4500
999 _c11435
_d11435
008 181204b ||||| |||| 00| 0 eng d
082 _22017
_aUT 1070
_bF95
100 _aFuentes, Sydrex John R.
_932788
245 _aUM Digos College teacher tracker using GPS /
_cSydrex John R. Fuentes, Brian Austin Largo, Mc Joven Padillo
260 _aDigos City:
_bUMDC
_cApril 2017
300 _a118 pages ;
_b29 cm.
650 _aTechnical Program
_vInformation Technology
_xundergraduate thesis.
_932740
700 _aFuentes, Sydrex John R.
_932788
700 _aLargo, Brian Austin
_932789
700 _aPadillo, Mc Joven
_932790
942 _2ddc
_cUT